[Event "Reykjavik Open 2016"]
[Site "Reykjavik ISL"]
[Date "2016.03.11"]
[Round "5.101"]
[White "Petersons, Ojars"]
[Black "Tan, Teck Woon"]
[Result "1-0"]
[WhiteElo "1791"]
[BlackElo "1488"]
[WhiteFideId "11607769"]
[BlackFideId "5813522"]
[EventDate "2016.03.08"]

1. d4 Nf6 2. Nf3 e6 3. e3 b6 4. Bd3 Bb7 5. Nbd2 c5 6. b3 Be7 7. Bb2 d5 8. O-O
O-O 9. Ne5 Ne4 10. Nxe4 dxe4 11. Bc4 Nd7 12. Nxd7 Qxd7 13. Qg4 f5 14. Qe2 Bd5
15. dxc5 Bxc4 16. Qxc4 Bxc5 17. Rad1 Qe7 18. a3 Rac8 19. Qb5 Rfd8 20. b4 Bd6 21.
c4 Qc7 22. g3 Be7 23. Be5 Qxc4 24. Rxd8+ Bxd8 25. Qe8# 1-0

[Event "Reykjavik Open 2016"]
[Site "Reykjavik ISL"]
[Date "2016.03.11"]
[Round "5.102"]
[White "Opasiak, Dustin Tennessee"]
[Black "Davidsson, Joshua"]
[Result "1-0"]
[WhiteElo "1782"]
[BlackElo "1411"]
[WhiteFideId "24630217"]
[BlackFideId "2311631"]
[EventDate "2016.03.08"]

1. e4 e5 2. Nf3 Nc6 3. Bb5 d6 4. O-O Nf6 5. Re1 Bg4 6. c3 a6 7. Ba4 Be7 8. d3
O-O 9. Nbd2 Nd7 10. Nf1 Nc5 11. Bc2 f5 12. b4 fxe4 13. dxe4 Bxf3 14. Qd5+ Kh8
15. bxc5 Bg4 16. Ne3 Bh5 17. Qb3 Rb8 18. cxd6 Bxd6 19. Bd1 Bxd1 20. Nxd1 Qf6 21.
Qc4 Qf7 22. Qe2 Bc5 23. a4 Qe6 24. Be3 Bxe3 25. Nxe3 Ne7 26. Red1 Rbd8 27. Rab1
Qc6 28. Qc4 Qxc4 29. Nxc4 Ng6 30. Kf1 b6 31. Ne3 h6 32. Rd5 Rxd5 33. Nxd5 Rc8
34. a5 b5 35. Nb4 Ra8 36. Nc6 Nf4 37. Rd1 Re8 38. Rd7 Ne6 39. f3 Nc5 40. Rxc7
Na4 41. Nb4 Re6 42. Rc6 Rxc6 43. Nxc6 Nxc3 44. Nb4 Kg8 45. Nxa6 Na4 46. Ke1 Kf8
47. Kd2 Ke7 48. Nc7 Kd7 49. Nxb5 Kc6 50. Na3 Nc5 51. Kc3 Ne6 52. Nc4 Kb5 53.
Nxe5 Kxa5 54. Ng6 Kb6 55. Kc4 Kc6 56. f4 Kd6 57. e5+ Kd7 58. f5 Ng5 59. Kd5 1-0

[Event "Reykjavik Open 2016"]
[Site "Reykjavik ISL"]
[Date "2016.03.11"]
[Round "5.103"]
[White "Haraldsson, Oskar"]
[Black "Thorsteinsdottir, Svava"]
[Result "1-0"]
[WhiteElo "1765"]
[BlackElo "1332"]
[WhiteFideId "2301865"]
[BlackFideId "2310686"]
[EventDate "2016.03.08"]

1. e4 e5 2. Nf3 Nc6 3. Bb5 a6 4. Ba4 b5 5. Bb3 Bc5 6. O-O Nf6 7. d3 d6 8. h3 O-O
9. a4 Bd7 10. Re1 h6 11. c3 Ne7 12. Nbd2 Qc8 13. Nf1 Ng6 14. d4 Bb6 15. axb5
axb5 16. Rxa8 Qxa8 17. Ng3 Re8 18. Qd3 Qc8 19. dxe5 dxe5 20. Nf5 Nxe4 21. Nxh6+
gxh6 22. Qxe4 Kg7 23. Bxh6+ Kxh6 24. Bxf7 Bf5 25. Qc6 Re7 26. Nxe5 Kg7 27. Bxg6
Bxg6 28. Qxg6+ Kf8 29. Qf6+ Ke8 30. Qh8# 1-0

[Event "Reykjavik Open 2016"]
[Site "Reykjavik ISL"]
[Date "2016.03.11"]
[Round "5.104"]
[White "Heidarsson, Arnar"]
[Black "Danielsson, Sigurdur"]
[Result "1/2-1/2"]
[WhiteElo "1333"]
[BlackElo "1763"]
[WhiteFideId "2312875"]
[BlackFideId "2301792"]
[EventDate "2016.03.08"]

1. d4 d5 2. c4 Nf6 3. Nf3 c6 4. e3 Bg4 5. h3 Bh5 6. cxd5 Nxd5 7. Be2 e6 8. Bd2
Bd6 9. O-O Nf6 10. Nc3 Bc7 11. Qc2 Qd6 12. g3 Bxf3 13. Bxf3 h5 14. h4 Rh6 15.
Ne4 Nxe4 16. Qxe4 f5 17. Qf4 Qxf4 18. gxf4 g6 19. Kh2 Nd7 20. Rg1 Nf6 21. Rg2
Kf7 22. Rag1 Rd8 23. Bc3 Rg8 24. Bd2 Rgh8 25. Rh1 Bd6 26. Bc3 Ng4+ 27. Bxg4 hxg4
28. Kg3 g5 29. Rgh2 gxf4+ 30. exf4 Rd8 31. Rd1 Be7 32. b4 Bf6 33. Re1 Bxd4 34.
Bd2 Bf6 35. Be3 Rd3 36. Kg2 a6 37. h5 Bc3 38. Rb1 Bd4 39. Re1 Kf6 40. a3 e5 41.
fxe5+ Bxe5 42. Bxh6 Bxh2 43. Kxh2 Rh3+ 44. Kg2 Rxh5 45. Rh1 Rxh1 46. Kxh1 Ke5
47. Kg2 Ke4 48. Kg3 a5 49. Bg7 b6 50. Bf6 axb4 51. axb4 c5 52. bxc5 bxc5 53. Ba1
Kd3 54. Be5 Ke2 55. Bf4 c4 56. Be3 c3 57. Kf4 c2 58. Kg3 1/2-1/2

[Event "Reykjavik Open 2016"]
[Site "Reykjavik ISL"]
[Date "2016.03.11"]
[Round "5.105"]
[White "Skulason, Johann"]
[Black "Johannsson, Birkir Isak"]
[Result "1-0"]
[WhiteElo "1747"]
[BlackElo "1303"]
[WhiteFideId "1733915"]
[BlackFideId "2314673"]
[EventDate "2016.03.08"]

1. e4 c5 2. Nf3 d6 3. d4 cxd4 4. Nxd4 Nf6 5. Nc3 a6 6. Be2 e6 7. O-O Be7 8. a4
b6 9. Be3 O-O 10. f3 Bb7 11. Qe1 Nbd7 12. Rd1 Qc7 13. g4 h6 14. h4 d5 15. g5
hxg5 16. hxg5 Ne8 17. exd5 Bxd5 18. Nxd5 exd5 19. Bd3 Ne5 20. Bf5 g6 21. Bh3 Ng7
22. f4 Nc4 23. Bc1 Rfe8 24. Qh4 Bc5 25. Kh1 Ne3 26. Bxe3 Rxe3 27. c3 Rae8 28.
Nf3 Bd6 29. f5 R8e4 30. Qh6 Nxf5 31. Bxf5 gxf5 32. Rxd5 Bg3 33. g6 Rg4 34. Qh7+
Kf8 35. Qh8+ Ke7 36. g7 1-0

[Event "Reykjavik Open 2016"]
[Site "Reykjavik ISL"]
[Date "2016.03.11"]
[Round "5.106"]
[White "Gardarsson, Hordur"]
[Black "Karlsson, Isak Orri"]
[Result "1-0"]
[WhiteElo "1731"]
[BlackElo "1139"]
[WhiteFideId "2303604"]
[BlackFideId "2312530"]
[EventDate "2016.03.08"]

1. Nf3 Nc6 2. c4 e5 3. Nc3 Nf6 4. d3 d5 5. cxd5 Nxd5 6. g3 Bb4 7. Qb3 Na5 8. Qc2
Bd7 9. Bd2 Nxc3 10. Bxc3 Bxc3+ 11. Qxc3 Nc6 12. Nxe5 O-O 13. Nxd7 Qxd7 14. Bg2
Rfe8 15. Bxc6 Qxc6 16. Qxc6 bxc6 17. e3 Rad8 18. Ke2 Rd5 19. Rac1 Re6 20. Rc3
Kf8 21. Rhc1 Rb5 22. b3 Rb6 23. Rc5 Ke7 24. d4 Kd6 25. d5 Re5 26. Rxc6+ Rxc6 27.
Rxc6+ Kd7 28. Rc5 Kc8 29. Kd3 Kb7 30. f4 Rh5 31. h4 Ka6 32. Ke4 Rh6 33. Kf3 Kb6
34. b4 f5 35. Rc6+ Rxc6 36. dxc6 Kxc6 37. e4 fxe4+ 38. Kxe4 Kb5 39. a3 Ka4 40.
g4 Kxa3 41. f5 Kxb4 42. g5 a5 43. f6 gxf6 44. gxf6 c5 45. f7 Kb3 46. f8=Q c4 47.
Qb8+ Kc2 48. Qb5 c3 49. Qxa5 1-0

[Event "Reykjavik Open 2016"]
[Site "Reykjavik ISL"]
[Date "2016.03.11"]
[Round "5.108"]
[White "Halldorsson, Haukur"]
[Black "Enersen, Eirik S."]
[Result "0-1"]
[WhiteElo "1570"]
[BlackElo "1689"]
[WhiteFideId "2305089"]
[BlackFideId "1520784"]
[EventDate "2016.03.08"]

1. d4 e6 2. e4 d5 3. exd5 exd5 4. Nf3 Nf6 5. Bg5 Be7 6. h3 h6 7. Bxf6 Bxf6 8. c3
c6 9. Be2 O-O 10. O-O Bf5 11. Bd3 Bxd3 12. Qxd3 Re8 13. Nbd2 Nd7 14. Nb3 Be7 15.
Rfe1 Bd6 16. Rxe8+ Qxe8 17. Re1 Qf8 18. Qd1 Re8 19. Rxe8 Qxe8 20. Nc1 Nf6 21.
Nd3 Qe7 22. Nd2 Ne4 23. Qe1 Nxd2 24. Qxd2 Qe4 25. Qe3 Qxe3 26. fxe3 f6 27. Kf2
Kf7 28. Kf3 Ke6 29. Nf2 f5 30. g4 g6 31. Nd3 Kf6 32. b3 b5 33. Nb4 Bxb4 34. cxb4
fxg4+ 35. hxg4 Kg5 36. a4 a6 37. axb5 axb5 38. Kg3 h5 39. gxh5 gxh5 40. Kf2 Kf5 0-1

[Event "Reykjavik Open 2016"]
[Site "Reykjavik ISL"]
[Date "2016.03.11"]
[Round "5.109"]
[White "Norlander, Svante"]
[Black "Ragnarsson, Heimir Pall"]
[Result "0-1"]
[WhiteElo "1649"]
[BlackElo "1527"]
[WhiteFideId "1716930"]
[BlackFideId "2308860"]
[EventDate "2016.03.08"]

1. d4 Nf6 2. c4 c5 3. d5 b5 4. cxb5 a6 5. b6 Qxb6 6. Nc3 d6 7. e4 g6 8. Be2 Bg7
9. Nf3 Bg4 10. O-O Nbd7 11. Qc2 O-O 12. Be3 Rfb8 13. Rab1 Rb7 14. h3 Bxf3 15.
gxf3 Qc7 16. b3 Ne5 17. f4 Ned7 18. Rbc1 Nb6 19. Bf3 Rab8 20. Rfd1 c4 21. Ne2
Rc8 22. Bxb6 Rxb6 23. bxc4 Rcb8 24. Qd3 Nd7 25. Nd4 Nc5 26. Qe3 Rb2 27. Nc6 R8b7
28. Qa3 Qb6 29. e5 Nd3 30. c5 Nxc5 31. Rxc5 Qxc5 32. Qxc5 dxc5 33. a4 Rb1 34.
Nxe7+ Kf8 35. Nxg6+ hxg6 36. Kg2 Rxd1 37. Bxd1 Ke7 38. Kg3 Bh6 39. d6+ Kd8 40.
f5 gxf5 41. Bh5 Rb4 0-1

[Event "Reykjavik Open 2016"]
[Site "Reykjavik ISL"]
[Date "2016.03.11"]
[Round "5.112"]
[White "Davidsson, Stefan Orri"]
[Black "Gislason, Jason Andri"]
[Result "1/2-1/2"]
[WhiteElo "1244"]
[BlackElo "1319"]
[WhiteFideId "2311399"]
[BlackFideId "2311283"]
[EventDate "2016.03.08"]

1. e4 e5 2. Nf3 Nc6 3. d4 exd4 4. Nxd4 Bc5 5. Be3 Qf6 6. c3 Nge7 7. Bc4 O-O 8.
O-O b6 9. Nxc6 Qxc6 10. Bxc5 Qxc5 11. Qd4 Qxd4 12. cxd4 Bb7 13. Re1 d5 14. exd5
Nxd5 15. Bxd5 Bxd5 16. Nc3 c6 17. Re7 Rfe8 18. Rae1 Kf8 19. Nxd5 cxd5 20. Rxe8+
Rxe8 21. Rxe8+ Kxe8 22. Kf1 Ke7 23. Ke2 Kf6 24. Kf3 h5 25. h3 g5 26. g4 h4 27.
Ke3 Ke6 28. b4 a6 29. a4 Kd6 30. b5 a5 31. f3 f6 32. f4 Ke6 33. f5+ 1/2-1/2

[Event "Reykjavik Open 2016"]
[Site "Reykjavik ISL"]
[Date "2016.03.11"]
[Round "5.113"]
[White "Birkisdottir, Freyja"]
[Black "Kristofersson, Sindri Snaer"]
[Result "1/2-1/2"]
[WhiteElo "1246"]
[BlackElo "1212"]
[WhiteFideId "2311860"]
[BlackFideId "2310732"]
[EventDate "2016.03.08"]

1. c4 e5 2. g3 Nf6 3. Nc3 Bc5 4. Bg2 Nc6 5. Nf3 d6 6. d3 Bg4 7. h3 Bh5 8. a3 a6
9. b4 Bb6 10. Na4 Ba7 11. Bb2 O-O 12. Nc3 h6 13. O-O Nh7 14. Qd2 f5 15. Ne1 Rb8
16. e3 g5 17. Na4 Ne7 18. Qc3 Be2 19. c5 Rf6 20. f4 Bxf1 21. Bxf1 b5 22. cxb6
cxb6 23. fxe5 dxe5 24. Qxe5 b5 25. Nc5 Bxc5 26. bxc5 Rc8 27. Bg2 Qc7 28. Qxc7
Rxc7 29. Bxf6 Nxf6 30. d4 Ned5 31. Bxd5+ Nxd5 32. Ng2 a5 33. Rf1 Rf7 34. Kf2 b4
35. axb4 axb4 36. Rb1 Rb7 37. Ne1 b3 38. Nd3 Nc3 39. Rc1 b2 40. Nxb2 Rxb2+ 41.
Kf1 Nd5 42. c6 Nxe3+ 43. Ke1 Rb8 44. Ke2 Nd5 45. Rc5 Ne7 46. d5 Rc8 47. d6 Rxc6
48. dxe7 Re6+ 49. Kf3 Rxe7 50. Rxf5 Kg7 51. Rd5 Kf6 52. Ra5 h5 53. Ra6+ Re6 54.
Rxe6+ Kxe6 1/2-1/2

[Event "Reykjavik Open 2016"]
[Site "Reykjavik ISL"]
[Date "2016.03.12"]
[Round "6.1"]
[White "Movsesian, Sergei"]
[Black "Rapport, Richard"]
[Result "1-0"]
[WhiteTitle "GM"]
[BlackTitle "GM"]
[WhiteElo "2653"]
[BlackElo "2720"]
[WhiteFideId "310204"]
[BlackFideId "738590"]
[EventDate "2016.03.08"]

1. e4 c5 2. Nf3 e6 3. d4 cxd4 4. Nxd4 a6 5. Nc3 b5 6. Bd3 Qb6 7. Nf3 Qc7 8. O-O
Bb7 9. Re1 Bc5 10. Ng5 d6 11. Qh5 g6 12. Qh3 Nd7 13. Be3 Ngf6 14. Rad1 Bxe3 15.
Rxe3 b4 16. Ne2 Ne5 17. Nd4 Qe7 18. Be2 h6 19. f4 Ned7 20. Ngxe6 fxe6 21. Nxe6
Rc8 22. Bf3 Bc6 23. e5 dxe5 24. fxe5 Nh7 25. Ng7+ Qxg7 26. Qe6+ Qe7 27. Qxg6+
Kd8 28. Bxc6 Nf8 29. Qe4 Kc7 30. Bb7 Qc5 31. Bxc8 Kxc8 32. Rd5 Qc7 33. Qxb4 1-0

[Event "Reykjavik Open 2016"]
[Site "Reykjavik ISL"]
[Date "2016.03.12"]
[Round "6.2"]
[White "Gupta, Abhijeet"]
[Black "Cheparinov, Ivan"]
[Result "1/2-1/2"]
[WhiteTitle "GM"]
[BlackTitle "GM"]
[WhiteElo "2634"]
[BlackElo "2684"]
[WhiteFideId "5010608"]
[BlackFideId "2905540"]
[EventDate "2016.03.08"]

1. d4 Nf6 2. c4 e6 3. Nf3 d5 4. Nc3 Bb4 5. Bg5 h6 6. Bxf6 Qxf6 7. Qb3 c5 8. cxd5
exd5 9. e3 O-O 10. Be2 Nc6 11. dxc5 d4 12. Nxd4 Nxd4 13. exd4 Qxd4 14. O-O Be6
15. Rfd1 Bxb3 16. Rxd4 Bxc5 17. Rd7 Be6 18. Rxb7 Rab8 19. Rb5 Rxb5 20. Bxb5 Rd8
21. b3 Bb4 22. Ne2 Rd2 23. Kf1 a5 24. f3 Ba3 25. Ke1 Rb2 26. Nf4 Bf5 27. Kf1 Rd2
28. Re1 Bd6 29. g4 Bc2 30. Ng2 Bxh2 31. Re2 Rxe2 32. Kxe2 Bb1 33. Bd3 Bxa2 34.
Bc2 g6 35. f4 h5 36. gxh5 gxh5 37. Kf3 Kg7 38. Ne3 Bg1 39. Nf5+ Kf8 40. Ng3 h4
41. Ne2 a4 42. Nxg1 axb3 43. Bxb3 Bxb3 1/2-1/2

[Event "Reykjavik Open 2016"]
[Site "Reykjavik ISL"]
[Date "2016.03.12"]
[Round "6.3"]
[White "Mamedyarov, Shakhriyar"]
[Black "Jones, Gawain C B"]
[Result "1/2-1/2"]
[WhiteTitle "GM"]
[BlackTitle "GM"]
[WhiteElo "2747"]
[BlackElo "2645"]
[WhiteFideId "13401319"]
[BlackFideId "409561"]
[EventDate "2016.03.08"]

1. d4 Nf6 2. c4 g6 3. Nc3 Bg7 4. g3 O-O 5. Bg2 d6 6. Nf3 Nc6 7. O-O Rb8 8. d5
Na5 9. Nd2 c6 10. b4 Nxc4 11. Nxc4 Nxd5 12. Nxd5 Bxa1 13. Nf4 Bg7 14. e4 e5 15.
Nd3 Be6 16. Qc2 Qc7 17. f4 exf4 18. Nxf4 Bxc4 19. Qxc4 Qb6+ 20. Kh1 a5 21. Bd2
axb4 22. Bxb4 Rbd8 23. Rd1 Rfe8 24. h4 Qf2 25. Qb3 Qb2 26. Qxb2 Bxb2 27. a4 Be5
28. Kh2 Ra8 29. a5 Red8 30. Bf1 Re8 31. Bg2 Red8 32. Rb1 Bd4 33. Ne2 Be5 1/2-1/2

[Event "Reykjavik Open 2016"]
[Site "Reykjavik ISL"]
[Date "2016.03.12"]
[Round "6.4"]
[White "Andreikin, Dmitry"]
[Black "Ly, Moulthun"]
[Result "1/2-1/2"]
[WhiteTitle "GM"]
[BlackTitle "IM"]
[WhiteElo "2732"]
[BlackElo "2500"]
[WhiteFideId "4158814"]
[BlackFideId "3204405"]
[EventDate "2016.03.08"]

1. Nf3 d5 2. d4 Nf6 3. c4 e6 4. Nc3 Bb4 5. g3 O-O 6. Bg2 dxc4 7. O-O Nc6 8. Bg5
h6 9. Bxf6 Qxf6 10. e3 Qe7 11. Qe2 Na5 12. Ne5 c5 13. Rad1 cxd4 14. Rxd4 Bd6 15.
Nxc4 Nxc4 16. Qxc4 Rb8 17. Rfd1 Be5 18. R4d2 b5 19. Nxb5 Ba6 20. a4 Bxb5 21.
axb5 Rfd8 22. Qa4 Rxd2 23. Rxd2 Bd6 24. h4 Bc5 25. Bf3 Rd8 26. Rc2 g6 27. Kg2
Bb6 28. h5 g5 29. Qe4 Kg7 30. Be2 Qf6 31. Bd3 Kf8 32. b3 Kg7 33. Qh7+ Kf8 34.
Qe4 Kg7 35. Rc1 Kf8 36. Rc2 1/2-1/2

[Event "Reykjavik Open 2016"]
[Site "Reykjavik ISL"]
[Date "2016.03.12"]
[Round "6.5"]
[White "Melkumyan, Hrant"]
[Black "Andersen, Mads"]
[Result "1/2-1/2"]
[WhiteTitle "GM"]
[BlackTitle "IM"]
[WhiteElo "2653"]
[BlackElo "2479"]
[WhiteFideId "13302485"]
[BlackFideId "1413864"]
[EventDate "2016.03.08"]

1. Nf3 Nf6 2. c4 g6 3. Nc3 Bg7 4. e4 d6 5. d4 O-O 6. h3 e5 7. d5 a5 8. g4 Na6 9.
Be3 Nd7 10. Rg1 Kh8 11. a3 Nb6 12. h4 Bd7 13. g5 f6 14. h5 gxh5 15. Nd2 fxg5 16.
Qxh5 Qf6 17. O-O-O Qg6 18. Qxg6 hxg6 19. Be2 Bh6 20. Rg2 Kg7 21. Rdg1 Nc5 22.
Kc2 a4 23. Bg4 Bxg4 24. Rxg4 Rf6 25. Rh1 Rh8 26. Nb5 Rf7 27. Kc3 Nbd7 28. Nxc7
Nf6 29. Bxc5 Nxg4 30. Ne6+ Kg8 31. f3 Nf6 32. Be3 Rfh7 33. c5 dxc5 34. Nxc5 g4
35. Bxh6 Rxh6 36. Rxh6 Rxh6 37. fxg4 Nxg4 38. d6 Kf7 39. Nc4 Rh1 40. Nxb7 Rh3+
41. Kc2 Rh2+ 42. Kd3 Rh3+ 43. Ke2 Rh2+ 44. Kf3 Nf6 45. Nc5 Rh5 46. Nxa4 Nd7 47.
Nc3 Ke6 48. Kg2 Rh8 49. Nb5 Nc5 50. b4 Nxe4 51. a4 Kd5 52. Nb6+ Kc6 53. Nc4 Kd5
54. Ne3+ Kc6 55. Ng4 Re8 56. d7 Kxd7 57. Kf3 Ng5+ 58. Ke3 Kc6 59. Nc3 Kb7 60.
Nd5 Kc6 61. b5+ Kc5 62. Ngf6 Rh8 63. b6 Rh3+ 64. Ke2 Rh2+ 65. Ke3 Rh3+ 66. Ke2
Rh2+ 1/2-1/2

[Event "Reykjavik Open 2016"]
[Site "Reykjavik ISL"]
[Date "2016.03.12"]
[Round "6.7"]
[White "Agdestein, Simen"]
[Black "Petrov, Nikita"]
[Result "0-1"]
[WhiteTitle "GM"]
[BlackTitle "IM"]
[WhiteElo "2610"]
[BlackElo "2464"]
[WhiteFideId "1500015"]
[BlackFideId "4101286"]
[EventDate "2016.03.08"]

1. d4 Nf6 2. c4 c6 3. Nc3 d5 4. cxd5 cxd5 5. f3 Nc6 6. e4 e6 7. e5 Ng8 8. Be3
Nge7 9. Bf2 Nf5 10. Bb5 Bd7 11. Nge2 Nb4 12. Bxd7+ Qxd7 13. g4 Ne7 14. Nf4 g6
15. a3 Nbc6 16. Nd3 b6 17. h4 h5 18. b4 Bg7 19. a4 f6 20. f4 hxg4 21. Qxg4 Rh6
22. b5 Na5 23. exf6 Bxf6 24. Ne5 Bxe5 25. fxe5 Nf5 26. Rh3 Rc8 27. Ne2 Rc2 28.
h5 Qf7 29. hxg6 Rxg6 30. Rh8+ Kd7 31. Qh3 Rg8 32. Rc1 Rxc1+ 33. Nxc1 Nc4 34. Nd3
Rxh8 35. Qxh8 Qg6 36. Qa8 Ne7 37. Nc5+ bxc5 38. dxc5 Qe4+ 39. Kd1 Qd3+ 40. Ke1
Qe4+ 41. Kd1 Nxe5 42. c6+ N7xc6 43. bxc6+ Nxc6 44. Qb7+ Kd6 45. Qb3 a5 46. Be1
Qd4+ 47. Bd2 Nb4 48. Qg3+ e5 49. Qg5 Nc6 50. Ke2 Qxa4 51. Kf2 Qc2 52. Kg3 Qd3+
53. Kh4 Qe4+ 54. Kg3 Kc5 55. Qh6 Nd4 56. Qf8+ Kc4 57. Bxa5 Nf5+ 58. Kf2 Qf4+ 59.
Ke1 Qg3+ 60. Kd1 Qb3+ 61. Ke1 Nd4 62. Qc8+ Kb5 63. Bc3 Qb1+ 64. Kf2 Qc2+ 65. Kg3
Qxc3+ 0-1

[Event "Reykjavik Open 2016"]
[Site "Reykjavik ISL"]
[Date "2016.03.12"]
[Round "6.8"]
[White "Esserman, Marc"]
[Black "Marin, Mihail"]
[Result "1/2-1/2"]
[WhiteTitle "IM"]
[BlackTitle "GM"]
[WhiteElo "2458"]
[BlackElo "2597"]
[WhiteFideId "2018616"]
[BlackFideId "1200020"]
[EventDate "2016.03.08"]

1. e4 e6 2. d4 d5 3. Nd2 c5 4. exd5 exd5 5. Ngf3 Nc6 6. Bb5 cxd4 7. Qe2+ Qe7 8.
O-O Qxe2 9. Bxe2 Bd6 10. Nb3 Nf6 11. Nbxd4 O-O 12. Bg5 Ne4 13. Be3 Bg4 14. Rad1
Rfd8 15. h3 Nxd4 16. Rxd4 Be6 17. Rdd1 f6 18. Nd4 Bf7 19. c3 a6 20. Rfe1 Bf8 21.
Bg4 h5 22. Be6 g6 23. Bxf7+ Kxf7 24. Ne2 g5 25. h4 Bc5 26. Bxc5 Nxc5 27. hxg5
fxg5 28. Ng3 h4 29. Nf5 Na4 30. Re2 Rd7 31. Ne3 Rad8 32. Rd4 Nc5 33. Red2 Ne4
34. Rd1 Nf6 35. f4 g4 36. f5 g3 37. Rxh4 Re7 38. Nf1 Re2 39. Nxg3 Rxb2 40. Rb4
Rxb4 41. cxb4 Rc8 42. Ne2 Rc2 43. Nf4 Rxa2 44. Nxd5 Rb2 45. Nxf6 Kxf6 46. Rd6+
Kxf5 47. Rb6 Kg4 48. Kh2 Kh4 49. Rxb7 Kg4 50. Rb6 Kh4 1/2-1/2

[Event "Reykjavik Open 2016"]
[Site "Reykjavik ISL"]
[Date "2016.03.12"]
[Round "6.9"]
[White "Tan, Justin2"]
[Black "Grigoriants, Sergey"]
[Result "1/2-1/2"]
[WhiteTitle "IM"]
[BlackTitle "GM"]
[WhiteElo "2441"]
[BlackElo "2587"]
[WhiteFideId "3206882"]
[BlackFideId "4130804"]
[EventDate "2016.03.08"]

1. e4 c5 2. c3 Nf6 3. e5 Nd5 4. Nf3 Nc6 5. d4 cxd4 6. Bc4 e6 7. cxd4 d6 8. O-O
Be7 9. Bd2 O-O 10. Nc3 Nb6 11. Bb3 Na5 12. Bc2 Nac4 13. Bf4 dxe5 14. Nxe5 Nxe5
15. Bxe5 g6 16. Bb3 Nd7 17. Bg3 Bh4 18. d5 Bxg3 19. hxg3 exd5 20. Nxd5 Nb6 21.
Re1 Be6 22. Nf4 Qxd1 23. Bxd1 Bd7 24. Bf3 Rab8 25. Rac1 Rfc8 26. Nd3 Bb5 27. Ne5
Nc4 28. Nxc4 Bxc4 29. Re7 Bxa2 30. Rxc8+ Rxc8 31. Rxb7 Rc1+ 32. Kh2 a5 1/2-1/2

[Event "Reykjavik Open 2016"]
[Site "Reykjavik ISL"]
[Date "2016.03.12"]
[Round "6.10"]
[White "Thorfinnsson, Bragi"]
[Black "Brunello, Sabino"]
[Result "1/2-1/2"]
[WhiteTitle "IM"]
[BlackTitle "GM"]
[WhiteElo "2419"]
[BlackElo "2567"]
[WhiteFideId "2300958"]
[BlackFideId "813613"]
[EventDate "2016.03.08"]

1. d4 Nf6 2. c4 e6 3. Nf3 b6 4. Nc3 Bb7 5. e3 d5 6. cxd5 exd5 7. Bb5+ c6 8. Bd3
Nbd7 9. O-O Be7 10. Ne5 Nxe5 11. dxe5 Nd7 12. f4 Qc7 13. Bd2 Nc5 14. Be2 a5 15.
Be1 O-O 16. Bg3 f6 17. Qd4 Rae8 18. Bh5 g6 19. Bg4 fxe5 20. fxe5 Qd8 21. Bf4 Bc8
22. Bxc8 Qxc8 23. Kh1 Rf7 24. Bg3 Rxf1+ 25. Rxf1 Rf8 26. Rxf8+ Qxf8 27. h3 Qf5
28. a3 h5 29. Kg1 Nd3 30. Qxb6 h4 31. Bh2 Bc5 32. Qd8+ Kg7 33. Nd1 Qe4 34. Qf6+
Kh6 35. Kh1 Kh7 36. Qf7+ Kh8 37. Qf6+ Kh7 38. Qf7+ Kh8 39. Qf6+ 1/2-1/2

[Event "Reykjavik Open 2016"]
[Site "Reykjavik ISL"]
[Date "2016.03.12"]
[Round "6.11"]
[White "Ramirez, Alejandro"]
[Black "Tania, Sachdev"]
[Result "0-1"]
[WhiteTitle "GM"]
[BlackTitle "IM"]
[WhiteElo "2564"]
[BlackElo "2370"]
[WhiteFideId "6500617"]
[BlackFideId "5007844"]
[EventDate "2016.03.08"]

1. Nf3 d5 2. c4 e6 3. g3 dxc4 4. Qa4+ Nd7 5. Qxc4 a6 6. Bg2 b5 7. Qc2 Bb7 8. O-O
Ngf6 9. a4 c5 10. Nc3 Qb6 11. d3 Be7 12. axb5 axb5 13. Rxa8+ Bxa8 14. Qb3 Nd5
15. e4 Nb4 16. Ne2 O-O 17. Be3 Qa6 18. Rd1 Bc6 19. Ne1 c4 20. dxc4 bxc4 21. Qc3
Nf6 22. f3 Na2 23. Qe5 Qb7 24. Nd4 Ba4 25. Ra1 Qxb2 26. Nc6 Qxe5 27. Nxe5 Bb3
28. Nc6 Ba3 29. Nc2 Bb2 30. Rb1 Nc3 31. Rxb2 Nd1 32. Rb1 Bxc2 33. Rc1 Nxe3 34.
Kf2 Nd1+ 35. Ke2 Bb3 36. Nd4 Nb2 0-1

[Event "Reykjavik Open 2016"]
[Site "Reykjavik ISL"]
[Date "2016.03.12"]
[Round "6.12"]
[White "Antal, Tibor Kende"]
[Black "Rambaldi, Francesco"]
[Result "1/2-1/2"]
[WhiteTitle "FM"]
[BlackTitle "GM"]
[WhiteElo "2406"]
[BlackElo "2541"]
[WhiteFideId "738581"]
[BlackFideId "20657307"]
[EventDate "2016.03.08"]

1. e4 e5 2. Nf3 Nc6 3. Bc4 Bc5 4. Nc3 Nf6 5. d3 d6 6. a3 h6 7. h3 Be6 8. Bxe6
fxe6 9. Na4 Bb6 10. O-O O-O 11. c3 Qe8 12. Nxb6 axb6 13. Nh2 Nh5 14. Ng4 Qg6 15.
Be3 Rf7 16. b4 Nf4 17. Bxf4 exf4 18. Nh2 Ne5 19. Nf3 Qf6 20. d4 Nd7 21. Re1 e5
22. a4 g5 23. dxe5 dxe5 24. a5 b5 25. Qe2 c6 26. Red1 Qe6 27. Ra2 Nf6 28. Rad2
Ne8 29. Nh2 Re7 30. Qg4 Nf6 31. Qxe6+ Rxe6 32. Ng4 Nxe4 33. Rd8+ Rxd8 34. Rxd8+
Kf7 35. Rd7+ Re7 36. Nxe5+ Ke6 37. Rxe7+ Kxe7 38. Nxc6+ Kd7 39. Nd4 Nxc3 40. Kf1
Kd6 41. Ke1 Kd5 42. Nf5 h5 43. h4 Ke5 44. Ne7 gxh4 45. Ng6+ Ke4 46. Nxh4 Nd5 47.
Kd2 Kd4 48. Nf5+ Ke5 49. Nh4 Nxb4 50. Ng6+ Kf5 51. Ne7+ Ke6 52. Ng6 Kf5 53. Ne7+
Ke4 54. Nc8 Kd5 55. Ne7+ Kc4 56. Nf5 Kd5 57. Ng7 f3 58. Nxh5 fxg2 59. Nf4+ Kd4
60. Nxg2 Nc6 61. Kc2 Nxa5 62. Nf4 b4 63. Kb2 Kc4 64. Ne2 b6 65. f4 Kd5 66. Nc1
Ke4 67. Na2 Kxf4 68. Nxb4 Ke5 69. Kc3 Ke4 70. Na6 Kd5 71. Kb4 Kc6 72. Nb8+ Kc7
73. Kb5 Nb3 74. Nc6 Kb7 75. Nd8+ Ka7 76. Nc6+ Kb7 77. Nd8+ Kc7 78. Ne6+ 1/2-1/2

[Event "Reykjavik Open 2016"]
[Site "Reykjavik ISL"]
[Date "2016.03.12"]
[Round "6.13"]
[White "Bromberger, Stefan"]
[Black "Vuilleumier, Alexandre"]
[Result "1-0"]
[WhiteTitle "GM"]
[BlackTitle "IM"]
[WhiteElo "2532"]
[BlackElo "2366"]
[WhiteFideId "4635248"]
[BlackFideId "1305662"]
[EventDate "2016.03.08"]

1. e4 c5 2. Nf3 d6 3. d4 cxd4 4. Nxd4 Nf6 5. Nc3 g6 6. Be3 Bg7 7. f3 O-O 8. Qd2
Nc6 9. Bc4 Bd7 10. O-O-O Rc8 11. Bb3 Ne5 12. Kb1 Nc4 13. Bxc4 Rxc4 14. g4 b5 15.
h4 b4 16. Nce2 a5 17. h5 e5 18. Nf5 Bxf5 19. gxf5 Nxh5 20. fxg6 hxg6 21. Rxh5
gxh5 22. Ng3 d5 23. Nf5 Rc6 24. Bg5 Qe8 25. exd5 Rg6 26. Ne7+ Kh7 27. Rh1 Bh6
28. Nxg6 1-0